[Event "13th Asia-ch"]
[Site "Al-Ain UAE"]
[Date "2015.08.06"]
[Round "5"]
[White "Xu Yinglun"]
[Black "Humpy, Koneru"]
[Result "1/2-1/2"]
[WhiteElo "2463"]
[BlackElo "2585"]
[EventDate "2015.08.02"]
[PlyCount "89"]

1.d4 Nf6 2.c4 e6 3.Nf3 b6 4.Nc3 Bb7 5.e3 d5 6.cxd5 exd5 7.Bb5+ c6 8.Bd3 
Be7 9.O-O O-O 10.b3 Nbd7 11.Bb2 Bd6 12.Qc2 Re8 13.Rfe1 Rc8 14.Rac1 g6 15.
Qb1 c5 16.Red1 a6 17.Ne2 Qe7 18.Ng3 Qe6 19.Be2 Qe7 20.Ba1 Rc7 21.Qd3 Rec8 
22.dxc5 bxc5 23.Qd2 Re8 24.Rc2 h5 25.Qa5 Ng4 26.Nf1 Ngf6 27.Rdc1 Rec8 28.
Qe1 Ne4 29.N1d2 Nef6 30.Bf1 Qe6 31.g3 Bf8 32.Bg2 Bg7 33.Ng5 Qb6 34.Ndf3 
Re8 35.b4 c4 36.Bd4 Qd6 37.Qc3 Bc6 38.Rd2 Qe7 39.a3 Bh6 40.h4 Ng4 41.Qc2 
Bb7 42.Bc3 Ndf6 43.Bd4 Nd7 44.Bc3 Ndf6 45.Bd4 1/2-1/2

[Event "13th Asia-ch"]
[Site "Al-Ain UAE"]
[Date "2015.08.06"]
[Round "5"]
[White "Sandipan, Chanda"]
[Black "Utegaliev, Azamat"]
[Result "1/2-1/2"]
[WhiteElo "2585"]
[BlackElo "2469"]
[EventDate "2015.08.02"]
[PlyCount "123"]

1.d4 d5 2.c4 c6 3.Nf3 Nf6 4.Nc3 a6 5.e3 e6 6.b3 Bb4 7.Bd2 Nbd7 8.Bd3 O-O 
9.O-O Bd6 10.Re1 e5 11.cxd5 cxd5 12.dxe5 Nxe5 13.Nxe5 Bxe5 14.Rc1 Bg4 15.
f3 Bh5 16.Ne2 Bg6 17.Bc3 Re8 18.Bxe5 Rxe5 19.Nd4 Qe7 20.Bxg6 hxg6 21.Rc3 
Re8 22.Qc1 Qb4 23.Re2 Nh5 24.g3 Kh7 25.Rc8 Nf6 26.Kf2 Nd7 27.Qc3 Qb6 28.
Rxe8 Rxe8 29.Rc2 Qf6 30.h3 Re7 31.h4 Ne5 32.Kg2 Nd7 33.Ne2 Qe6 34.Nf4 Qxe3
35.Qxe3 Rxe3 36.Nxd5 Rd3 37.Nf4 Rd6 38.g4 Ne5 39.Kg3 Nc6 40.Re2 Rd8 41.Re3
Kg8 42.Rd3 Kf8 43.Rxd8+ Nxd8 44.Kf2 Ke7 45.Ke3 Nc6 46.Ke4 Kd6 47.Nd3 Ne7 
48.Ne5 Ke6 49.Kd4 b6 50.a3 f6 51.Nd3 g5 52.hxg5 fxg5 53.Nb4 a5 54.Nd3 Nc6+
55.Ke4 b5 56.Nf2 a4 57.bxa4 bxa4 58.Nd3 Na5 59.Nc5+ Kf6 60.Nd7+ Ke6 61.
Nc5+ Kf6 62.Nxa4 1/2-1/2

[Event "13th Asia-ch"]
[Site "Al-Ain UAE"]
[Date "2015.08.06"]
[Round "5"]
[White "Harika, Dronavalli"]
[Black "Tabatabaei, Mohammadamin"]
[Result "1/2-1/2"]
[WhiteElo "2509"]
[BlackElo "2458"]
[EventDate "2015.08.02"]
[PlyCount "94"]

1.c4 e6 2.Nc3 d5 3.d4 Be7 4.Nf3 Nf6 5.Bg5 O-O 6.e3 Re8 7.Qc2 Nbd7 8.Rd1 a6
9.a3 h6 10.Bh4 c6 11.Bg3 Nh5 12.cxd5 cxd5 13.Nxd5 Qa5+ 14.Nc3 Nxg3 15.hxg3
b5 16.Qd2 Bb7 17.Bd3 b4 18.axb4 Bxb4 19.O-O e5 20.Ra1 Qb6 21.dxe5 Nxe5 22.
Nxe5 Rxe5 23.Rfd1 a5 24.Bf1 Rae8 25.Qc2 Qc6 26.Qa4 Qf6 27.Nd5 Bxd5 28.Rxd5
g6 29.Rad1 Kg7 30.Qc2 h5 31.b3 Rxd5 32.Rxd5 Rd8 33.Rxd8 Qxd8 34.Bc4 Qd2 
35.Qxd2 Bxd2 36.Kf1 Kf6 37.Ke2 Bc3 38.f4 Bb4 39.e4 Ke7 40.Bd3 Ke6 41.Kf3 
Bc3 42.Bc4+ Ke7 43.Be2 Ke6 44.Bb5 Ke7 45.Kf2 Bb4 46.Ba6 Bd2 47.Ke2 Bb4 
1/2-1/2

[Event "13th Asia-ch"]
[Site "Al-Ain UAE"]
[Date "2015.08.06"]
[Round "5"]
[White "Nitin, Senthilvel"]
[Black "Zhang Zhong"]
[Result "0-1"]
[WhiteElo "2404"]
[BlackElo "2628"]
[EventDate "2015.08.02"]
[PlyCount "70"]

1.e4 c5 2.Nc3 Nc6 3.Nge2 Nf6 4.d4 cxd4 5.Nxd4 d6 6.h3 e6 7.g4 a6 8.Bg2 Qc7
9.Be3 Be7 10.Qe2 O-O 11.O-O-O Nd7 12.f4 Nxd4 13.Bxd4 b5 14.e5 dxe5 15.fxe5
Rb8 16.Rhf1 b4 17.Nd5 exd5 18.e6 Nf6 19.Be5 Bd6 20.exf7+ Rxf7 21.Bxd6 Qxd6
22.g5 Bd7 23.gxf6 Bb5 24.Qh5 Bxf1 25.Bxd5 Qf4+ 26.Kb1 g6 27.Bxf7+ Kxf7 28.
Qxh7+ Kxf6 29.Rd7 Bc4 30.Qe7+ Kf5 31.Qc5+ Qe5 32.Qf2+ Kg5 33.Rd4 Be2 34.
Qg2+ Kh6 35.Rd5 Qe3 0-1

[Event "13th Asia-ch"]
[Site "Al-Ain UAE"]
[Date "2015.08.06"]
[Round "5"]
[White "Saiyn, Zhanat"]
[Black "Gopal, Geetha Narayanan"]
[Result "1/2-1/2"]
[WhiteElo "2404"]
[BlackElo "2562"]
[EventDate "2015.08.02"]
[PlyCount "58"]

1.d4 d5 2.c4 c6 3.Nf3 Nf6 4.e3 g6 5.Nc3 e6 6.Bd3 Bg7 7.O-O O-O 8.b4 dxc4 
9.Bxc4 b5 10.Be2 a5 11.bxa5 Qxa5 12.Qb3 Nbd7 13.Bd2 b4 14.Nd1 c5 15.Nb2 
Ne4 16.Nc4 Qa4 17.Qxa4 Rxa4 18.Bd1 Ra6 19.Bb3 Bb7 20.Rac1 Rc8 21.Rfd1 Nxd2
22.Ncxd2 Raa8 23.Nc4 Bxf3 24.gxf3 cxd4 25.exd4 Nf6 26.Ne3 Bh6 27.Rxc8+ 
Rxc8 28.Ng4 Nxg4 29.fxg4 Rc1 1/2-1/2

[Event "13th Asia-ch"]
[Site "Al-Ain UAE"]
[Date "2015.08.06"]
[Round "5"]
[White "Rathnakaran, Kantholi"]
[Black "Nguyen Huynh Minh Huy"]
[Result "0-1"]
[WhiteElo "2417"]
[BlackElo "2496"]
[EventDate "2015.08.02"]
[PlyCount "54"]

1.e4 c5 2.Nf3 e6 3.d3 Nc6 4.g3 g6 5.Bg2 Bg7 6.O-O Nge7 7.c3 O-O 8.Be3 d6 
9.Qd2 e5 10.Bh6 Bxh6 11.Qxh6 f6 12.Na3 Be6 13.Rfd1 Qb6 14.Bh3 Bf7 15.Nc4 
Qc7 16.Ne3 Kh8 17.Bg4 d5 18.d4 Ng8 19.Qh3 dxe4 20.dxe5 exf3 21.e6 Be8 22.
Nd5 Qg7 23.Bxf3 Ne5 24.Bh1 f5 25.b4 Bc6 26.bxc5 Rae8 27.Nf4 g5 0-1

[Event "13th Asia-ch"]
[Site "Al-Ain UAE"]
[Date "2015.08.06"]
[Round "5"]
[White "Nezad, Husein Aziz"]
[Black "Dzhumaev, Marat"]
[Result "0-1"]
[WhiteElo "2404"]
[BlackElo "2493"]
[EventDate "2015.08.02"]
[PlyCount "44"]

1.Nf3 d6 2.d4 g6 3.c4 f5 4.Nc3 Nf6 5.g3 Bg7 6.Bg2 O-O 7.O-O Qe8 8.Re1 Nc6 
9.d5 Na5 10.Qd3 c5 11.dxc6 bxc6 12.c5 d5 13.Bf4 Kh8 14.Ne5 Nd7 15.Nxc6 
Nxc6 16.Nxd5 Nde5 17.Qc3 Rb8 18.e4 g5 19.Bxg5 fxe4 20.Qe3 Nd4 21.Bxe4 
Ndf3+ 22.Kg2 Qd7 0-1

[Event "13th Asia-ch"]
[Site "Al-Ain UAE"]
[Date "2015.08.06"]
[Round "5"]
[White "Kunte, Abhijit"]
[Black "Sharavdorj, Dashzeveg"]
[Result "1-0"]
[WhiteElo "2493"]
[BlackElo "2423"]
[EventDate "2015.08.02"]
[PlyCount "47"]

1.d4 Nf6 2.c4 e6 3.Nf3 Bb4+ 4.Bd2 Qe7 5.g3 Nc6 6.Nc3 O-O 7.Bg2 Na5 8.b3 b6
9.O-O Bb7 10.Qc2 d5 11.cxd5 exd5 12.e3 Nc6 13.Ne1 Rad8 14.Nd3 a5 15.Rfd1 
Nb8 16.a3 Bxa3 17.Rxa3 Qxa3 18.Nc5 Na6 19.Nxb7 Rd7 20.Bf1 Nb8 21.Nc5 bxc5 
22.Nb5 Qb4 23.Bxb4 cxb4 24.Bh3 1-0

[Event "13th Asia-ch"]
[Site "Al-Ain UAE"]
[Date "2015.08.06"]
[Round "5"]
[White "Das, Debashis"]
[Black "Tologontegin, Semetey"]
[Result "1/2-1/2"]
[WhiteElo "2489"]
[BlackElo "2390"]
[EventDate "2015.08.02"]
[PlyCount "73"]

1.e4 c5 2.Nf3 e6 3.d4 cxd4 4.Nxd4 a6 5.Bd3 Nf6 6.O-O Qc7 7.Qe2 d6 8.c4 g6 
9.Nc3 Bg7 10.Nf3 O-O 11.Rd1 Nbd7 12.h3 b6 13.Bf4 Nh5 14.Be3 Bb7 15.Rac1 
Rfd8 16.b4 h6 17.Qd2 Kh7 18.a3 Rac8 19.Be2 Bf8 20.Nd4 Nhf6 21.f3 Qb8 22.
Bf1 Re8 23.Nb3 Ba8 24.Bf2 Be7 25.Re1 Bd8 26.f4 Bc7 27.Bd3 Rcd8 28.Be3 Ng8 
29.Rf1 Rf8 30.Qe1 Rde8 31.Rc2 f5 32.exf5 exf5 33.Re2 Ngf6 34.Nd4 Ne4 35.
Bf2 Ndf6 36.Bh4 Bd8 37.Bxe4 1/2-1/2

[Event "13th Asia-ch"]
[Site "Al-Ain UAE"]
[Date "2015.08.06"]
[Round "5"]
[White "Al-Rakib, Abdullah"]
[Black "Chu Wei Chao"]
[Result "1-0"]
[WhiteElo "2473"]
[BlackElo "2318"]
[EventDate "2015.08.02"]
[PlyCount "60"]

1.d4 Nf6 2.c4 g6 3.Nc3 Bg7 4.Bg5 O-O 5.e3 c5 6.d5 e6 7.Nf3 exd5 8.Nxd5 h6 
9.Nxf6+ Bxf6 10.Bxh6 Re8 11.Qd2 Qb6 12.Rb1 d6 13.Bd3 Nc6 14.a3 Bg4 15.O-O 
Bxf3 16.gxf3 Ne5 17.Be2 Qc6 18.Qd1 Qd7 19.Bf4 Qe6 20.b3 b5 21.cxb5 d5 22.
Bg3 Rad8 23.f4 Nd7 24.Bg4 Qb6 25.Qd3 c4 26.bxc4 Nc5 27.Qc2 Ne4 28.cxd5 
Rxd5 29.Qc6 Qd8 30.Rfd1 Bg7 1-0

[Event "13th Asia-ch"]
[Site "Al-Ain UAE"]
[Date "2015.08.06"]
[Round "5"]
[White "Lou Yiping"]
[Black "Isaev, Jamshed"]
[Result "1-0"]
[WhiteElo "2454"]
[BlackElo "2300"]
[EventDate "2015.08.02"]
[PlyCount "113"]

1.d4 Nf6 2.c4 g6 3.Nc3 d5 4.cxd5 Nxd5 5.Bd2 Bg7 6.e4 Nb6 7.Be3 O-O 8.Be2 
Nc6 9.Nf3 Bg4 10.e5 Nb4 11.O-O N4d5 12.h3 Be6 13.Nxd5 Bxd5 14.Qc1 Qd7 15.
Rd1 Rac8 16.Qc5 f6 17.b3 Qe6 18.Rac1 Rfd8 19.Qa5 Rd7 20.Ne1 Qf7 21.Nd3 
Rdd8 22.Bg4 f5 23.Be2 h6 24.f3 e6 25.Nb4 a6 26.Rc2 Bf8 27.Rdc1 Qe7 28.Nd3 
Kh7 29.Nf4 Qf7 30.Kh2 g5 31.Nd3 Bc6 32.Rxc6 bxc6 33.Rxc6 Qd7 34.Rc2 Nd5 
35.Bf2 Ra8 36.Nc5 Bxc5 37.Rxc5 c6 38.Qa4 Rdc8 39.b4 Qb7 40.a3 Kg6 41.Qc2 
Qb6 42.Bc4 Qd8 43.Ra5 Qb6 44.g4 Qb7 45.Bd3 Rf8 46.Rc5 Ne7 47.gxf5+ exf5 
48.d5 Nxd5 49.Rxc6+ Kg7 50.Bc5 Rfc8 51.Rd6 Rd8 52.Bxf5 Rxd6 53.exd6 Nf6 
54.Bd4 Qxf3 55.Qc7+ Kg8 56.Bh7+ Kf8 57.Qe7# 1-0

[Event "13th Asia-ch"]
[Site "Al-Ain UAE"]
[Date "2015.08.06"]
[Round "5"]
[White "Pascua, Haridas"]
[Black "Ahmed, Abdul Sattar Wahab"]
[Result "0-1"]
[WhiteElo "2447"]
[BlackElo "2297"]
[EventDate "2015.08.02"]
[PlyCount "72"]

1.d4 d5 2.c4 c6 3.Nf3 Nf6 4.e3 Bf5 5.Nc3 e6 6.Be2 Nbd7 7.Nh4 Bg6 8.Nxg6 
hxg6 9.O-O Bd6 10.g3 Qe7 11.f4 Bb4 12.Qb3 O-O 13.Nd1 dxc4 14.Qxc4 Rfc8 15.
Bf3 b5 16.Qe2 Rab8 17.e4 c5 18.e5 Nd5 19.Bxd5 exd5 20.a3 Ba5 21.Be3 cxd4 
22.Bxd4 Nc5 23.Rc1 a6 24.b4 Ne6 25.Rxc8+ Rxc8 26.Qd2 Bd8 27.Bf2 Qb7 28.Nc3
d4 29.Ne2 Rc4 30.Rd1 Bb6 31.Qd3 a5 32.bxa5 Bxa5 33.Qb1 Qc6 34.Nc1 Rc3 35.
Nb3 Bb6 36.Rc1 Rxb3 0-1

[Event "13th Asia-ch"]
[Site "Al-Ain UAE"]
[Date "2015.08.06"]
[Round "5"]
[White "Hossain, Enamul"]
[Black "Mamyrbay, Assad"]
[Result "1-0"]
[WhiteElo "2436"]
[BlackElo "2217"]
[EventDate "2015.08.02"]
[PlyCount "83"]

1.e4 e5 2.Nf3 Nc6 3.Bc4 Bc5 4.c3 Nf6 5.d3 a6 6.Bb3 d6 7.h3 Ba7 8.Nbd2 O-O 
9.Nf1 d5 10.Qe2 dxe4 11.dxe4 Nh5 12.Ng5 Nf6 13.Bd2 Na5 14.Bc2 Bd7 15.Ne3 
Bb5 16.Qf3 Bd3 17.O-O-O Bxc2 18.Kxc2 Qd7 19.Nf5 Kh8 20.b3 Qc6 21.Qg3 g6 
22.Nh6 Qe8 23.Qxe5 Qxe5 24.Nhxf7+ Kg7 25.Nxe5 Rae8 26.Ng4 h6 27.Nf3 Nxg4 
28.hxg4 g5 29.Rh5 Rxe4 30.Rdh1 Rxg4 31.Rxh6 Rxg2 32.Rh7+ Kg6 33.R7h6+ Kg7 
34.Ne5 Rfxf2 35.Rg6+ Kf8 36.Rh8+ Ke7 37.Rh7+ Ke8 38.Rd7 Bc5 39.Re6+ Kf8 
40.b4 Bd6 41.Ng6+ Kg8 42.Re8+ 1-0

[Event "13th Asia-ch"]
[Site "Al-Ain UAE"]
[Date "2015.08.06"]
[Round "5"]
[White "Al-Attar, Rakan"]
[Black "Kostenko, Petr"]
[Result "0-1"]
[WhiteElo "2012"]
[BlackElo "2431"]
[EventDate "2015.08.02"]
[PlyCount "92"]

1.e4 c5 2.Nf3 e6 3.g3 d5 4.e5 Nc6 5.Bg2 g5 6.h3 Bg7 7.Qe2 h6 8.O-O Nge7 9.
c3 Qb6 10.Rd1 Bd7 11.d4 cxd4 12.cxd4 Nf5 13.Qd2 f6 14.g4 Nfe7 15.Re1 fxe5 
16.dxe5 Ng6 17.Nc3 O-O 18.Nxd5 exd5 19.Qxd5+ Kh8 20.Qxd7 Ncxe5 21.Qd5 Rad8
22.Qe4 Nxf3+ 23.Bxf3 Nh4 24.Re3 Rd4 25.Qe7 Rxf3 26.Rxf3 Nxf3+ 27.Kg2 Qc6 
28.Be3 Nh4+ 29.Kf1 Qg2+ 30.Ke1 Qh1+ 31.Ke2 Qf3+ 32.Ke1 Re4 33.Qd8+ Kh7 34.
Kd2 Qxh3 35.Rc1 Nf3+ 36.Ke2 Nd4+ 37.Kd3 Qxg4 38.Rc8 Qf5 39.Qg8+ Kg6 40.Kd2
Qf3 41.Kd3 Re7 42.b3 a5 43.Kc4 Qe2+ 44.Kd5 Rd7+ 45.Ke4 Qf3+ 46.Kd3 Ne6+ 
0-1

[Event "13th Asia-ch"]
[Site "Al-Ain UAE"]
[Date "2015.08.06"]
[Round "5"]
[White "Karthikeyan, Pandian"]
[Black "Shrestha, Keshav"]
[Result "1-0"]
[WhiteElo "2426"]
[BlackElo "2118"]
[EventDate "2015.08.02"]
[PlyCount "65"]

1.d4 Nf6 2.c4 e5 3.dxe5 Ng4 4.Nc3 Nxe5 5.e3 Bb4 6.Qc2 Nbc6 7.a3 Bxc3+ 8.
Qxc3 O-O 9.b3 Qf6 10.Bb2 d6 11.h3 Bf5 12.O-O-O Qh6 13.Ne2 f6 14.Nf4 Ne7 
15.Be2 b6 16.h4 g6 17.f3 Rae8 18.g4 Bc8 19.Kb1 Qg7 20.Nh3 a5 21.Nf2 Bb7 
22.Rh3 Nd7 23.g5 Nf5 24.Ng4 fxg5 25.Qd2 Qe7 26.hxg5 Ne5 27.Nf6+ Rxf6 28.
gxf6 Qe6 29.e4 h5 30.Qg5 Kf7 31.exf5 Qxf5+ 32.Qxf5 gxf5 33.Rxh5 1-0

[Event "13th Asia-ch"]
[Site "Al-Ain UAE"]
[Date "2015.08.06"]
[Round "5"]
[White "Abdyjapar, Asyl"]
[Black "Batchuluun, Cegmed"]
[Result "0-1"]
[WhiteElo "2392"]
[BlackElo "2485"]
[EventDate "2015.08.02"]
[PlyCount "98"]

1.d4 d5 2.c4 e6 3.Nc3 Be7 4.Nf3 Nf6 5.Bf4 O-O 6.e3 Nbd7 7.c5 Nh5 8.Bd3 
Nxf4 9.exf4 b6 10.b4 c6 11.O-O a5 12.a3 Ba6 13.Qe2 Bxd3 14.Qxd3 Qc7 15.g3 
Ra7 16.f5 axb4 17.axb4 Rxa1 18.Rxa1 bxc5 19.dxc5 e5 20.Nxd5 cxd5 21.Qxd5 
Rd8 22.Ra8 Rb8 23.Qe4 Rd8 24.Qd5 Nb8 25.Qe4 Qc6 26.Nd2 Qxe4 27.Nxe4 Nc6 
28.Rxd8+ Bxd8 29.b5 Nd4 30.b6 Kf8 31.Kf1 Be7 32.b7 Nc6 33.Ke2 Ke8 34.Kd3 
Kd8 35.Kc4 Kc7 36.Kd5 Kxb7 37.Nd6+ Bxd6 38.Kxd6 e4 39.g4 h6 40.h3 f6 41.h4
Ne5 42.g5 hxg5 43.hxg5 Kc8 44.Kd5 Kd7 45.Kxe4 Kc6 46.f4 Nd7 47.Kf3 Kxc5 
48.Kg4 Kd5 49.gxf6 gxf6 0-1

[Event "13th Asia-ch"]
[Site "Al-Ain UAE"]
[Date "2015.08.06"]
[Round "5"]
[White "Venkatesh, Marani Rajendran"]
[Black "Li Di"]
[Result "0-1"]
[WhiteElo "2484"]
[BlackElo "2384"]
[EventDate "2015.08.02"]
[PlyCount "92"]

1.e4 e5 2.Nf3 Nf6 3.Nc3 Nc6 4.g3 Bc5 5.Bg2 d6 6.d3 O-O 7.O-O a6 8.h3 Nd4 
9.Be3 Nxf3+ 10.Qxf3 Be6 11.Qe2 c6 12.Kh2 b5 13.f4 Qb6 14.Bd2 exf4 15.gxf4 
Rae8 16.Nd1 Qb8 17.Be1 g6 18.Qd2 Nh5 19.Bf3 Ng7 20.d4 Bb6 21.Bh4 d5 22.Nf2
Bc7 23.e5 f6 24.Ng4 Bxg4 25.Bxg4 g5 26.fxg5 fxe5 27.g6 e4+ 28.Kh1 Bf4 29.
Qg2 Qd6 30.gxh7+ Kh8 31.a4 b4 32.a5 Qh6 33.Be1 Nf5 34.Bxf5 Rxf5 35.Qg4 
Ref8 36.Bg3 Qf6 37.Bh4 Qxd4 38.Rad1 Qg7 39.Qe2 Qxh7 40.Qg4 Rg8 41.Qxf4 
Rxf4 42.Rxf4 Rg6 43.Rdf1 Qd7 44.Kh2 e3 45.Bg3 Qe7 46.Rf7 e2 0-1

[Event "13th Asia-ch"]
[Site "Al-Ain UAE"]
[Date "2015.08.06"]
[Round "5"]
[White "Wang Yiye"]
[Black "Xu Yi"]
[Result "1/2-1/2"]
[WhiteElo "2439"]
[BlackElo "2365"]
[EventDate "2015.08.02"]
[PlyCount "40"]

1.e4 c5 2.Nf3 Nc6 3.d4 cxd4 4.Nxd4 e6 5.Nc3 a6 6.Be3 Nf6 7.Qd2 Bb4 8.f3 d5
9.a3 Qa5 10.exd5 Nxd5 11.Nb3 Bxc3 12.Nxa5 Bxd2+ 13.Bxd2 Nxa5 14.Bxa5 Ne3 
15.Kd2 Nxf1+ 16.Rhxf1 b5 17.a4 Bb7 18.axb5 axb5 19.Bc3 Kd7 20.Ke3 f6 
1/2-1/2

[Event "13th Asia-ch"]
[Site "Al-Ain UAE"]
[Date "2015.08.06"]
[Round "5"]
[White "Ayyad, Maher"]
[Black "Maghsoodloo, Parham"]
[Result "0-1"]
[WhiteElo "2122"]
[BlackElo "2416"]
[EventDate "2015.08.02"]
[PlyCount "69"]

1.d4 Nf6 2.Nf3 e6 3.c4 Bb4+ 4.Bd2 a5 5.a3 Bxd2+ 6.Qxd2 O-O 7.Nc3 d6 8.e4 
Nc6 9.Be2 e5 10.d5 Ne7 11.O-O Ng6 12.g3 a4 13.Qc2 Bg4 14.Nd1 Nd7 15.Ne3 
Bh3 16.Rfe1 Nc5 17.Bf1 Bd7 18.Bg2 Ne7 19.Nd2 f5 20.f3 f4 21.Nd1 Ng6 22.g4 
h5 23.h3 Nh4 24.Bh1 Qg5 25.Nf2 Rf6 26.Kf1 hxg4 27.Nxg4 Bxg4 28.hxg4 Rh6 
29.Ke2 Ng6 30.Bg2 Rh2 31.Rg1 Nh4 32.Kf1 Nxg2 33.Rxg2 Rh1+ 34.Rg1 Qh4 35.
Re1 0-1

[Event "13th Asia-ch"]
[Site "Al-Ain UAE"]
[Date "2015.08.06"]
[Round "5"]
[White "Asgarizadeh, Ahmad"]
[Black "Xu Xiangyu"]
[Result "1/2-1/2"]
[WhiteElo "2407"]
[BlackElo "2257"]
[EventDate "2015.08.02"]
[PlyCount "58"]

1.e4 e5 2.Nf3 Nc6 3.Bb5 f5 4.d3 fxe4 5.dxe4 Nf6 6.Nc3 Bc5 7.Bxc6 bxc6 8.
Nxe5 Qe7 9.Nd3 Nxe4 10.Nxe4 Qxe4+ 11.Qe2 Qxe2+ 12.Kxe2 Ba6 13.Be3 Bxe3 14.
Kxe3 O-O 15.f3 d6 16.b3 c5 17.c4 Bb7 18.Rhe1 a5 19.Kd2 a4 20.Kc3 axb3 21.
axb3 Rxa1 22.Rxa1 Ra8 23.Rxa8+ Bxa8 24.Kd2 Kf7 25.Ke3 Kf6 26.h4 Bc6 27.g4 
Bd7 28.Nf4 c6 29.Ke4 Be8 1/2-1/2

[Event "13th Asia-ch"]
[Site "Al-Ain UAE"]
[Date "2015.08.06"]
[Round "5"]
[White "Salih Akar, Ali"]
[Black "Lodhi, Mahmood"]
[Result "1/2-1/2"]
[WhiteElo "2359"]
[BlackElo "2310"]
[EventDate "2015.08.02"]
[PlyCount "87"]

1.e4 e5 2.Nf3 Nc6 3.Bc4 Bc5 4.O-O Nf6 5.d4 Bxd4 6.Nxd4 Nxd4 7.f4 d6 8.fxe5
dxe5 9.Bg5 Be6 10.Na3 Qe7 11.c3 Bxc4 12.Bxf6 gxf6 13.Nxc4 Nb5 14.Kh1 Nd6 
15.Qa4+ Qd7 16.Nxd6+ cxd6 17.Qxd7+ Kxd7 18.Rxf6 Ke7 19.Raf1 Raf8 20.h3 
Rhg8 21.Kg1 Rg6 22.R6f3 f6 23.c4 Rc8 24.b3 b6 25.a4 a5 26.Kh2 h5 27.Rf5 
Rcg8 28.R1f2 Rh6 29.g3 Rg5 30.R5f3 Rg8 31.Rd3 Rc8 32.Rfd2 Rc6 33.Kg2 Ke6 
34.Rf2 Rg6 35.Rf5 Rh6 36.Rd5 Rh7 37.Rd2 Rh6 38.Rdf2 Rc8 39.R2f3 Ke7 40.Kf2
Ke6 41.Rd3 Rh7 42.Ke2 Rg8 43.Kf2 Rg5 44.Rdf3 1/2-1/2

[Event "13th Asia-ch"]
[Site "Al-Ain UAE"]
[Date "2015.08.06"]
[Round "5"]
[White "Bayarmandakh, Balgan"]
[Black "Asgarizadeh, Mohammad Reza"]
[Result "1-0"]
[WhiteElo "2225"]
[BlackElo "2276"]
[EventDate "2015.08.02"]
[PlyCount "95"]

1.d4 c5 2.d5 e5 3.c4 d6 4.Nc3 g6 5.g3 Bg7 6.Bg2 Ne7 7.e4 O-O 8.Nge2 a6 9.
a4 Bd7 10.O-O Qc8 11.f4 Bh3 12.f5 Bxg2 13.Kxg2 gxf5 14.exf5 Nxf5 15.Ne4 f6
16.Qd3 Qd7 17.Nxc5 Nh4+ 18.gxh4 dxc5 19.Ng3 Nc6 20.Qf5 Qxf5 21.Nxf5 Nd4 
22.Be3 Nxf5 23.Rxf5 Rfc8 24.Kf3 Rab8 25.Rg1 Kf7 26.Rh5 Rh8 27.Ke4 b5 28.
axb5 axb5 29.Ra1 Ra8 30.Rxa8 Rxa8 31.Rxh7 Kg6 32.Rxg7+ Kxg7 33.cxb5 Ra4+ 
34.Kd3 Rb4 35.Bxc5 Rxb5 36.b4 f5 37.d6 Rb7 38.Kc4 f4 39.Kd5 Kf6 40.Kc6 Rh7
41.d7 Rh8 42.b5 Ke6 43.b6 e4 44.b7 e3 45.Kc7 e2 46.Bf2 Ke7 47.h5 Rd8 48.
Bh4+ 1-0

[Event "13th Asia-ch"]
[Site "Al-Ain UAE"]
[Date "2015.08.06"]
[Round "5"]
[White "Byambaa, Zulzaga"]
[Black "Anuruddha, Galappaththi Chinthaka"]
[Result "1/2-1/2"]
[WhiteElo "2258"]
[BlackElo "2066"]
[EventDate "2015.08.02"]
[PlyCount "186"]

1.e4 e6 2.d4 d5 3.Nc3 Nf6 4.e5 Nfd7 5.f4 c5 6.Nf3 Nc6 7.Be3 Be7 8.Qd2 O-O 
9.dxc5 Nxc5 10.O-O-O a6 11.Qf2 Qa5 12.Kb1 Bd7 13.Nd2 Na4 14.Nxa4 Qxa4 15.
Nb3 Nb4 16.Nc1 Rfc8 17.Bd3 Bb5 18.a3 Bxd3 19.cxd3 d4 20.axb4 dxe3 21.Qxe3 
Qc2+ 22.Ka1 a5 23.b5 Ba3 24.Qd4 Bc5 25.Qc4 Be3 26.Qxc2 Rxc2 27.g3 Bd4 28.
Nb3 Bxb2+ 29.Kb1 Rf2 30.Rd2 Rxd2 31.Nxd2 Bd4 32.Nb3 Bb6 33.Rc1 h5 34.Nc5 
Bxc5 35.Rxc5 b6 36.Rc6 Rb8 37.Kc2 Rb7 38.d4 Kf8 39.Rc8+ Ke7 40.Ra8 Kd7 41.
Kb3 g6 42.h3 Ke7 43.g4 hxg4 44.hxg4 Rd7 45.Kc4 Rc7+ 46.Kd3 Rc1 47.Ra7+ Ke8
48.Rb7 Rd1+ 49.Kc3 Rc1+ 50.Kd2 Rf1 51.f5 gxf5 52.gxf5 Rxf5 53.Rxb6 Kd7 54.
Kc3 Kc7 55.Ra6 Kb7 56.Rxa5 f6 57.exf6 Rxf6 58.Ra6 Rf3+ 59.Kc4 Re3 60.Rd6 
Re1 61.Rd8 e5 62.d5 e4 63.Kc5 e3 64.Rd7+ Kc8 65.Re7 Kd8 66.Kd6 e2 67.Re3 
Rb1 68.Rxe2 Rxb5 69.Ke6 Rb6+ 70.Ke5 Rh6 71.Rg2 Kd7 72.Rg7+ Kd8 73.Kd4 Ke8 
74.Kc5 Kd8 75.Rg1 Kd7 76.Rg7+ Kd8 77.Rg8+ Kd7 78.Ra8 Rg6 79.Ra7+ Kd8 80.
Ra1 Rh6 81.Re1 Kd7 82.Re5 Rg6 83.Rf5 Rh6 84.Rg5 Kd8 85.Rg4 Kd7 86.Re4 Rg6 
87.Rh4 Kd8 88.Rh5 Kd7 89.Rh7+ Kd8 90.Rb7 Rh6 91.Rb6 Rxb6 92.Kxb6 Kd7 93.
Kc5 Kc7 1/2-1/2

[Event "13th Asia-ch"]
[Site "Al-Ain UAE"]
[Date "2015.08.06"]
[Round "5"]
[White "Said, Ishaq"]
[Black "Sulimani, Yaser"]
[Result "1-0"]
[WhiteElo "2252"]
[BlackElo "1760"]
[EventDate "2015.08.02"]
[PlyCount "63"]

1.d4 d5 2.c4 c6 3.Nf3 Nf6 4.e3 e6 5.Bd3 a6 6.b3 Nbd7 7.O-O b5 8.a4 bxc4 9.
bxc4 Be7 10.Nc3 Qa5 11.Bd2 Bb4 12.Qc2 O-O 13.Rfb1 Re8 14.Nxd5 Nxd5 15.cxd5
Bxd2 16.dxc6 Nf6 17.Nxd2 e5 18.Nc4 Qc7 19.Nxe5 g6 20.Qc5 Rb8 21.Rxb8 Qxb8 
22.Rb1 Qc7 23.Bc4 Re7 24.Qb6 Ne4 25.Qxc7 Rxc7 26.Bxf7+ Rxf7 27.Nxf7 Kxf7 
28.Rb8 Nd6 29.e4 Nxe4 30.Rxc8 Nd6 31.Rd8 Ke6 32.c7 1-0

[Event "13th Asia-ch"]
[Site "Al-Ain UAE"]
[Date "2015.08.06"]
[Round "5"]
[White "Miswadah, Baha"]
[Black "Iyti, Basher"]
[Result "0-1"]
[WhiteElo "1855"]
[BlackElo "2305"]
[EventDate "2015.08.02"]
[PlyCount "76"]

1.e4 g6 2.d4 Bg7 3.Nc3 c6 4.a4 d6 5.Bg5 Nf6 6.Qd2 h6 7.Bh4 g5 8.Bg3 Nh5 9.
Be2 Nxg3 10.hxg3 Qa5 11.Rd1 g4 12.Bc4 Qg5 13.Qf4 Qg6 14.e5 dxe5 15.dxe5 
Be6 16.Bd3 Qg5 17.Qxg5 hxg5 18.Rxh8+ Bxh8 19.Ne4 Bxe5 20.Nxg5 Bd5 21.Bf5 
Bxb2 22.Bxg4 Na6 23.Ne2 Nc5 24.a5 f6 25.Nf3 e5 26.Rb1 Na4 27.Nh4 Rd8 28.
Bf5 Bc4 29.Bg6+ Kf8 30.Bh5 Nc3 31.Ng6+ Kg7 32.Nd4 Nxb1 33.Nf5+ Kh7 34.f4 
Bc3+ 35.Kf2 Bf7 36.fxe5 Bxg6 37.Bxg6+ Kxg6 38.Ne7+ Kf7 0-1

[Event "13th Asia-ch"]
[Site "Al-Ain UAE"]
[Date "2015.08.06"]
[Round "5"]
[White "Baimurzin, Aitkazy"]
[Black "Ezizov, Jumamuhammet"]
[Result "1-0"]
[WhiteElo "2096"]
[BlackElo "1789"]
[EventDate "2015.08.02"]
[PlyCount "109"]

1.c4 c6 2.Nf3 Nf6 3.b3 d5 4.Bb2 Bf5 5.g3 e6 6.Bg2 Be7 7.O-O O-O 8.d3 h6 9.
Nbd2 Nbd7 10.Re1 Bb4 11.a3 Bxd2 12.Nxd2 Qc7 13.b4 dxc4 14.Nxc4 Rad8 15.Qb3
Bg6 16.d4 Ne4 17.Rad1 a6 18.f3 Nd6 19.Nd2 Nb6 20.e4 Nb5 21.Nf1 Rd7 22.a4 
Nd6 23.Ne3 Rfd8 24.a5 Nbc8 25.Rd2 Ne7 26.Red1 Ne8 27.Nc4 Rb8 28.Ne5 Rdd8 
29.Nd3 b6 30.Qa4 Nd6 31.Ne5 bxa5 32.bxa5 Rb5 33.Bc3 Rdb8 34.Bf1 Rb3 35.Rc1
c5 36.Ba1 R3b4 37.Qd7 Qxd7 38.Nxd7 Rb1 39.Rdd1 Rxc1 40.Rxc1 Rd8 41.Nxc5 
Nc6 42.Nxe6 fxe6 43.Rxc6 Nb5 44.Rxa6 Nxd4 45.Bxd4 Rxd4 46.Rxe6 Bf7 47.Rb6 
Ra4 48.Rb8+ Kh7 49.a6 Ra1 50.Kf2 Be6 51.Bb5 Ra3 52.Re8 Bf7 53.Re7 Kg8 54.
a7 Kf8 55.Rb7 1-0

[Event "13th Asia-ch"]
[Site "Al-Ain UAE"]
[Date "2015.08.06"]
[Round "5"]
[White "Nassar, Marwan"]
[Black "Hj Azahari, Md Aliuddin"]
[Result "1/2-1/2"]
[WhiteElo "2030"]
[BlackElo "2024"]
[EventDate "2015.08.02"]
[PlyCount "48"]

1.d4 Nf6 2.Nf3 g6 3.Bf4 Bg7 4.e3 O-O 5.Be2 c5 6.c3 d6 7.h3 Nbd7 8.O-O b6 
9.Nbd2 Bb7 10.a4 a6 11.Bh2 Ne4 12.Nxe4 Bxe4 13.Nd2 Bb7 14.Bf3 Qc7 15.Rc1 
Rac8 16.b4 cxb4 17.cxb4 Qb8 18.Qb3 Rc7 19.Rxc7 Qxc7 20.Bxb7 Qxb7 21.Rc1 
Rc8 22.Rxc8+ Qxc8 23.Qc4 Qxc4 24.Nxc4 b5 1/2-1/2

[Event "13th Asia-ch"]
[Site "Al-Ain UAE"]
[Date "2015.08.07"]
[Round "6"]
[White "Lin Chen"]
[Black "Ganguly, Surya Shekhar"]
[Result "1/2-1/2"]
[WhiteElo "2494"]
[BlackElo "2631"]
[EventDate "2015.08.02"]
[PlyCount "22"]

1.e4 e6 2.d4 d5 3.exd5 exd5 4.Nf3 Nc6 5.Bf4 Bd6 6.Bxd6 Qxd6 7.Nbd2 Nge7 8.
c3 O-O 9.Bd3 Ng6 10.O-O Nf4 11.Qc2 Nxd3 1/2-1/2

[Event "13th Asia-ch"]
[Site "Al-Ain UAE"]
[Date "2015.08.07"]
[Round "6"]
[White "Le Quang Liem"]
[Black "Gupta, Abhijeet"]
[Result "1/2-1/2"]
[WhiteElo "2699"]
[BlackElo "2619"]
[EventDate "2015.08.02"]
[PlyCount "117"]

1.Nf3 Nf6 2.c4 g6 3.Nc3 d5 4.cxd5 Nxd5 5.h4 Bg7 6.e4 Nxc3 7.dxc3 Qxd1+ 8.
Kxd1 Bg4 9.Kc2 Nd7 10.Be3 Nf6 11.Nd2 Be6 12.f3 Nh5 13.Bb5+ c6 14.Bc4 Bxc4 
15.Nxc4 f5 16.exf5 Ng3 17.Rhe1 Nxf5 18.Rad1 Bf6 19.Bg5 Bxg5 20.hxg5 Rd8 
21.g4 Rxd1 22.Kxd1 Ng7 23.Re4 Rf8 24.f4 Kd8 25.Ke2 Ne8 26.Rd4+ Kc8 27.Ne5 
Nc7 28.Re4 Ne6 29.Ke3 Nc5 30.Rc4 Ne6 31.a4 Rd8 32.a5 Rd1 33.a6 Re1+ 34.Kf2
Rb1 35.b4 c5 36.axb7+ Kxb7 37.bxc5 a5 38.Nf3 Kc6 39.Re4 Nxc5 40.Rxe7 Rb7 
41.Ne5+ Kd5 42.Rxb7 Nxb7 43.Ke3 a4 44.c4+ Kc5 45.Kd3 Nd6 46.Kc3 Ne4+ 47.
Kb2 Kb4 48.f5 gxf5 49.gxf5 Nxg5 50.f6 h5 51.f7 Nxf7 52.Nxf7 h4 53.Ng5 Kxc4
54.Ka3 Kd3 55.Kxa4 Ke3 56.Kb3 Kf4 57.Nh3+ Kg4 58.Ng1 h3 59.Nxh3 1/2-1/2